Central Library OPAC University of Rajshahi

The Swiss family Robinson / (Record no. 21394)

MARC details
000 -LEADER
fixed length control field 00878cam a22002652 4500
001 - CONTROL NUMBER
control field 21394
003 - CONTROL NUMBER IDENTIFIER
rucl marc code BD-RjUL
005 - DATE AND TIME OF LATEST TRANSACTION
control field 20211209000659.0
008 - FIXED-LENGTH DATA ELEMENTS--GENERAL INFORMATION
fixed length control field 140304r19501910enka 000 1 eng d
035 ## - SYSTEM CONTROL NUMBER
System control number OCLC ocm19377009 from D970423M
-- (BD-RjUL)21458
040 ## - CATALOGING SOURCE
Original cataloging agency CUY
Transcribing agency CUY
Modifying agency OCL
-- EQO
-- BD-RjUL
Language of cataloging eng
041 ## - LANGUAGE CODE
Language code of text/sound track or separate title eng
082 ## - DEWEY DECIMAL CLASSIFICATION NUMBER
Classification number 823
Author mark and year WYS 1950
090 ## - LOCALLY ASSIGNED LC-TYPE CALL NUMBER (OCLC); LOCAL CALL NUMBER (OCLC)
Classification number (OCLC) (R) ; Classification number, CALL (RLIN) (NR) PT2583.W9
Local cutter number (OCLC) ; Book number/undivided call number, CALL (RLIN) S32 1946
100 1# - MAIN ENTRY--PERSONAL NAME
Personal name Wyss, Johann David,
Dates associated with a name 1743-1818.
9 (RLIN) 66119
245 14 - TITLE STATEMENT
Title The Swiss family Robinson /
Statement of responsibility, etc. Johann Rudolf Wyss.
260 ## - PUBLICATION, DISTRIBUTION, ETC. (IMPRINT)
Place of publication, distribution, etc. London :
Name of publisher, distributor, etc. J.M. Dent ;
Place of publication, distribution, etc. New York :
Name of publisher, distributor, etc. E.P. Dutton,
Date of publication, distribution, etc. 1910 [reprinted 1950]
300 ## - PHYSICAL DESCRIPTION
Pagination xiii, 498 p. :
Illustrations illus. ;
Size 17 cm.
490 1# - SERIES STATEMENT
Series statement Everyman's library,
Volume/sequential designation no. 430
650 ## - SUBJECT ADDED ENTRY--TOPICAL TERM
Topical term or geographic name as entry element Family life
Form subdivision Fiction.
9 (RLIN) 66120
700 1# - ADDED ENTRY--PERSONAL NAME
Personal name Wyss, Johann Rudolf,
Dates associated with a name 1782-1830.
830 #0 - SERIES ADDED ENTRY--UNIFORM TITLE
Volume number/sequential designation no. 430
830 #0 - SERIES ADDED ENTRY--UNIFORM TITLE
Uniform title Everyman's library,
942 ## - ADDED ENTRY ELEMENTS (KOHA)
Source of classification or shelving scheme Dewey Decimal Classification
Koha item type Books
Holdings
Lost status Source of classification or shelving scheme Damaged status Not for loan Collection code Permanent Location Current Location Shelving location Date acquired Source of acquisition Cost, normal purchase price Total Checkouts Full call number Date last seen Copy number Koha item type
  Dewey Decimal Classification   Added to bundle Fiction Central Library, University of Rajshahi Central Library, University of Rajshahi Reading Room 27/09/1955 B. H. Blackwell 5.00   823 WYS 1950 04/03/2014 C-1 Books